000 00332nam a2200133 i 4500
001 bg
100 1 _aMACIEJEWICZ, Wacław
245 0 _aOrganizacja i planowanie robót wodnych /
_cWacław Maciejewicz.
260 _aWarszawa,
_c1967.
040 _cBPK
041 _apol
942 _cKS
008 s pl f |000 0 pol
999 _c16539
_d16539
856 _uhttp://koha.tu.koszalin.pl/cgi-bin/koha/opac-detail.pl?biblionumber=16539
_yKatalog online BPK